00603 2200217 4500001002100000005001700021008004100038035002400079040001200103082001300115090002000128100002600148245004500174260007000219300001900289600001800308650002300326850001200349990001200361990001200373YOGYA-0412000000072920120429210241.0 jav  0010-041200000000729 aYOPDYOG a899. 221 a899. 221bYas S aYASADIPURA II, R. Ng. aSerat Sanasunu /coleh R. Ng. Yasadipura aJakartabProyek Penerbitan Buku Sastra Indonesia dan Daerahc1980 a220 hlmc21 cm aSudibjo Z. H. aKesusasteraan Jawa aYOPDYOG a57091-a a57091-a